[Event "VM Schachforum Darmstadt"]
[Site "Schachforum Darmstadt"]
[Date "2017.04.27"]
[Round "5.9"]
[White "Schneider, Kevin"]
[Black "Tampe, Alexander"]
[Result "0-1"]
[WhiteElo "1611"]
[BlackElo "1713"]
[PlyCount "90"]
[EventDate "2017.??.??"]
[SourceDate "2008.01.21"]
[WhiteTeam "SC Breuberg"]
[BlackTeam "Schachforum Darmstadt"]

1. e4 e5 2. Nf3 Nc6 3. Bc4 Bc5 4. c3 Nf6 5. d3 O-O 6. Bg5 Be7 7. Bb3 d6 8. Nbd2
h6 9. Bh4 Bg4 10. h3 Bh5 11. g4 Bg6 12. Nf1 Nh7 13. Bxe7 Qxe7 14. Ne3 Ng5 15.
Nh4 Bh7 16. Nhf5 Qd7 17. h4 Ne6 18. g5 h5 19. Qxh5 Nf4 20. Qd1 Ne7 21. Nxe7+
Qxe7 22. Nd5 Nxd5 23. Bxd5 c6 24. Bb3 g6 25. Qg4 Kg7 26. O-O-O f5 27. Qg2 fxe4
28. dxe4 Rf4 29. f3 Raf8 30. Rdf1 Qd7 31. Qe2 b5 32. Bc2 a5 33. Bd1 Bg8 34. Kb1
Bc4 35. Qg2 Bxf1 36. Qxf1 Rh8 37. Qe1 Qf7 38. Qd2 Qf8 39. c4 b4 40. c5 d5 41.
exd5 Rd4 42. Qe2 Rxd5 43. Bb3 Rxc5 44. Qe3 Qd6 45. Rd1 Qe7 0-1

[Event "VM Schachforum Darmstadt"]
[Site "Schachforum Darmstadt"]
[Date "2017.04.27"]
[Round "5.8"]
[White "Nguyen, Mau Duong"]
[Black "Czappa, Fabian Alexander"]
[Result "0-1"]
[WhiteElo "1638"]
[BlackElo "1418"]
[PlyCount "134"]
[EventDate "2017.??.??"]
[SourceDate "2008.01.21"]
[WhiteTeam "Schachforum Darmstadt"]
[BlackTeam "Schachforum Darmstadt"]

1. e4 e5 2. Nf3 Nc6 3. Qe2 Nf6 4. g3 Bc5 5. Bg2 O-O 6. O-O d6 7. h3 Ne7 8. c3
Ng6 9. a4 a5 10. Na3 Re8 11. d3 Bd7 12. Nc2 Qc8 13. Kh2 c6 14. Be3 Bxe3 15.
Nxe3 d5 16. Nd2 d4 17. Nec4 Qc7 18. cxd4 exd4 19. f4 b5 20. axb5 cxb5 21. Na3
Nd5 22. Rac1 Qb8 23. Rc5 Ndxf4 24. gxf4 Nxf4 25. Rxf4 Qxf4+ 26. Kh1 Rac8 27.
Rxc8 Rxc8 28. Nf1 h5 29. Nc2 Qe5 30. Qf2 Rd8 31. Nd2 f5 32. Nf3 Qf6 33. e5 Qb6
34. Qxd4 Qxd4 35. Nfxd4 Bc8 36. Kg1 g5 37. Kf2 Re8 38. Bd5+ (38. Nc6 $142 $1 f4
39. N2d4 Bb7 40. Bf3 $16) 38... Kg7 39. e6 Kf6 40. Nxb5 Bxe6 41. Bg2 Rb8 42.
Bc6 Rb6 43. Ncd4 g4 44. hxg4 fxg4 45. Ke3 g3 46. Kf4 h4 47. Nc7 Rxc6 48. Nxc6
g2 49. Ne8+ Kf7 50. Ne5+ Kxe8 51. Nf3 h3 52. Kg3 Ke7 53. Kh2 Kd6 54. Nh4 Kc5
55. Nf3 Kb4 56. Nd4 Bd7 57. Kg1 a4 58. Kh2 Kc5 59. Nc2 Kd5 60. Kg1 Bf5 61. Ne3+
Kd4 62. Nxg2 hxg2 63. Kxg2 Bxd3 64. Kf3 Kd5 65. Ke3 Kc4 66. Kd2 Kb3 67. Kc1 Bg6
0-1

[Event "VM Schachforum Darmstadt"]
[Site "Schachforum Darmstadt"]
[Date "2017.04.27"]
[Round "5.7"]
[White "Schönwelski, Ralph"]
[Black "Hartmann, Marc Holger"]
[Result "0-1"]
[WhiteElo "1641"]
[BlackElo "1658"]
[PlyCount "56"]
[EventDate "2017.??.??"]
[SourceDate "2008.01.21"]
[WhiteTeam "SC Heimbach-Weis"]
[BlackTeam "Schachforum Darmstadt"]

1. e4 e5 2. Nc3 Nf6 3. f4 d5 4. fxe5 Nxe4 5. d3 Nxc3 6. bxc3 d4 7. Nf3 Nc6 8.
Be2 Bc5 9. O-O dxc3+ 10. Kh1 O-O 11. Qe1 Re8 12. Qg3 Bf5 13. Rb1 b6 14. Nh4 Bg6
15. Nxg6 hxg6 16. Bf3 Qd7 17. Bf4 Rad8 18. Bxc6 Qxc6 19. Rb3 Bd4 20. Re1 Re6
21. Re4 f5 22. exf6 Rxe4 23. dxe4 Bxf6 24. Qf3 Qxe4 25. h3 Qxc2 26. Bxc7 Qd1+
27. Kh2 Qxf3 28. gxf3 Rd2+ 0-1

[Event "VM Schachforum Darmstadt"]
[Site "Schachforum Darmstadt"]
[Date "2017.04.27"]
[Round "5.6"]
[White "Wiewesiek, Timo"]
[Black "Blanquett, Jan Niklas"]
[Result "1-0"]
[WhiteElo "1925"]
[BlackElo "1694"]
[PlyCount "59"]
[EventDate "2017.??.??"]
[SourceDate "2008.01.21"]
[WhiteTeam "Schachforum Darmstadt"]
[BlackTeam "SV Rochade Hünfeld"]

1. d4 Nf6 2. Nf3 g6 3. Bf4 Bg7 4. e3 Nh5 5. Be5 c5 6. c3 cxd4 7. cxd4 d6 8.
Bxg7 Nxg7 9. Qb3 O-O 10. Nc3 b6 11. Be2 Ba6 12. O-O Bxe2 13. Nxe2 Nd7 14. Rac1
Rc8 15. Rc3 Rxc3 16. Qxc3 Qc8 17. Rc1 Qxc3 18. Rxc3 Rd8 19. Rc7 a5 20. Nc3 Ne8
21. Rb7 Nef6 22. Kf1 Kf8 23. Ke2 Ke8 24. d5 Rb8 25. Ra7 h6 26. Nd4 Nc5 27. Nc6
Rb7 28. Ra8+ Kd7 29. Rd8+ Kc7 30. Nb5# 1-0

[Event "VM Schachforum Darmstadt"]
[Site "Schachforum Darmstadt"]
[Date "2017.04.27"]
[Round "5.4"]
[White "Cors, Heinz-Friedrich"]
[Black "Augner, Björn"]
[Result "1/2-1/2"]
[WhiteElo "1952"]
[BlackElo "1986"]
[PlyCount "86"]
[EventDate "2017.??.??"]
[SourceDate "2008.01.21"]
[WhiteTeam "Schachforum Darmstadt"]
[BlackTeam "SF Conweiler"]

1. e4 c6 2. d4 d5 3. e5 c5 4. dxc5 Nc6 5. Bb5 e6 6. Be3 Bd7 7. Bxc6 Bxc6 8. c3
Ne7 9. Nf3 Nf5 10. Bd4 Be7 11. O-O O-O 12. Nbd2 Qd7 13. Re1 Rfc8 14. Nf1 Bb5
15. Ne3 Nxe3 16. Rxe3 a5 17. h4 h6 18. g3 Qe8 19. Kg2 Bxc5 20. Bxc5 Rxc5 21.
Nd4 Rac8 22. Qh5 Bd7 23. Qe2 Qe7 24. Qh5 Be8 25. Qe2 Rc4 26. Re1 b5 27. Qd2 b4
28. Rc1 Qa7 29. Ne2 bxc3 30. Rexc3 Bb5 31. b3 Rxc3 32. Rxc3 Rxc3 33. Nxc3 Bc6
34. f3 Qc5 35. Ne2 a4 36. Qc3 Qxc3 37. Nxc3 axb3 38. axb3 Kf8 39. Ne2 {(=)} Ke7
40. Nd4 Kd7 41. Kf2 Kc7 42. Ke3 Kb6 43. b4 Ba4 {(=)} 1/2-1/2

[Event "VM Schachforum Darmstadt"]
[Site "Schachforum Darmstadt"]
[Date "2017.04.27"]
[Round "5.2"]
[White "Gärtner, Peter"]
[Black "Karimi, Farhad"]
[Result "0-1"]
[WhiteElo "1689"]
[BlackElo "2116"]
[PlyCount "52"]
[EventDate "2017.??.??"]
[SourceDate "2008.01.21"]
[WhiteTeam "SV Bodenheim"]
[BlackTeam "Satranç Club"]

1. Nf3 Nf6 2. c4 e6 3. e3 b6 4. d4 Bb4+ 5. Bd2 Qe7 6. a3 Bxd2+ 7. Nbxd2 O-O 8.
Be2 d6 9. b4 c5 10. O-O Rd8 11. Qb3 Bb7 12. Rfd1 Nbd7 13. dxc5 dxc5 14. Bd3 e5
15. e4 Nf8 16. Qc3 Ng6 17. g3 Rd7 18. Bc2 Rad8 19. b5 h6 20. a4 Qe6 21. Kg2 Qg4
22. h3 Nf4+ 23. Kg1 Ne2+ 24. Kg2 Nxc3 25. hxg4 Nxd1 26. Rxd1 Nxe4 0-1

[Event "VM Schachforum Darmstadt"]
[Site "Schachforum Darmstadt"]
[Date "2017.04.27"]
[Round "5.1"]
[White "Wuerl, Roland"]
[Black "Nothnagel, Marian Can"]
[Result "0-1"]
[WhiteElo "2024"]
[BlackElo "2107"]
[PlyCount "100"]
[EventDate "2017.??.??"]
[SourceDate "2008.01.21"]
[WhiteTeam "SK Dieburg"]
[BlackTeam "SV Griesheim"]

1. d4 Nf6 2. Nf3 g6 3. c4 Bg7 4. Nc3 O-O 5. e4 d6 6. h3 e5 7. d5 a5 8. g4 Na6
9. Be3 Nd7 10. a3 Nac5 11. Rg1 a4 12. Nd2 Bf6 13. g5 Bg7 14. Qc2 f5 15. gxf6
Qxf6 16. O-O-O Qe7 17. Be2 Nf6 18. h4 Bd7 19. Rg3 Kh8 20. Rdg1 Rf7 21. Kb1 Qf8
22. R1g2 Bh6 23. Bg5 Bxg5 24. hxg5 Ng8 25. f3 Rf4 26. Rh2 Ne7 27. Bf1 Nc8 28.
Bh3 Rh4 29. Nf1 Rxh3 30. Rgxh3 Bxh3 31. Rxh3 Nb6 32. Qh2 Qe7 33. Ne3 Rf8 34.
Nf5 Qd7 35. Rh6 Kg8 36. Nh4 Qg7 37. Nb5 Rf7 38. Qe2 Qf8 39. Ka2 Qe7 40. Qh2 Rg7
41. f4 exf4 42. Nd4 Qxe4 43. Nhf5 Rd7 44. Rxg6+ hxg6 45. Nh6+ Kf8 46. Nhf5 Kg8
47. Nh6+ Kf8 48. Nhf5 {(=)} Qe5 49. Qh6+ Rg7 50. Nf3 Qxf5 0-1

[Event "VM Schachforum Darmstadt"]
[Site "Schachforum Darmstadt"]
[Date "2017.04.21"]
[Round "4.13"]
[White "Goldbach, Max"]
[Black "Friedel, Thomas"]
[Result "0-1"]
[WhiteElo "1100"]
[BlackElo "1561"]
[PlyCount "92"]
[EventDate "2017.??.??"]
[SourceDate "2008.01.21"]
[WhiteTeam "vereinslos"]
[BlackTeam "SV Groß-Gerau"]

1. e4 e5 2. Nf3 Nc6 3. Bc4 Bc5 4. d3 h6 5. Bd5 Nf6 6. Bxc6 dxc6 7. h3 O-O 8.
O-O Re8 9. Nbd2 b6 10. Nc4 Bd6 11. b3 Ba6 12. Ne3 c5 13. c4 Bc8 14. Nd5 Nxd5
15. cxd5 Bb7 16. g3 c6 17. dxc6 Bxc6 18. Nh4 Bd7 19. Nf5 Bxf5 20. exf5 Qf6 21.
Bb2 Qxf5 22. Kh2 Rad8 23. Qe2 Bc7 24. Qe4 Qxe4 25. dxe4 Rd2 26. Bc1 Re2 27. Be3
Rd8 28. Rfe1 Rxe1 29. Rxe1 Kf8 30. Rc1 Ke7 31. b4 Bd6 32. b5 Bc7 33. Rc3 Ke6
34. Kg2 Rd1 35. Ra3 Bb8 36. Kf3 Rb1 37. Rb3 Rxb3 38. axb3 h5 39. g4 hxg4+ 40.
hxg4 g6 41. g5 Bd6 42. Kg4 Kd7 43. f4 exf4 44. Bxf4 Bxf4 45. Kxf4 Ke6 46. Ke3
f5 0-1

[Event "VM Schachforum Darmstadt"]
[Site "Schachforum Darmstadt"]
[Date "2017.04.21"]
[Round "4.12"]
[White "Pauli, Walter"]
[Black "Torrijos, Javier"]
[Result "1/2-1/2"]
[WhiteElo "1852"]
[BlackElo "1608"]
[PlyCount "51"]
[EventDate "2017.??.??"]
[SourceDate "2008.01.21"]
[WhiteTeam "Schachforum Darmstadt"]
[BlackTeam "Schachforum Darmstadt"]

1. b3 Nf6 2. Bb2 d5 3. e3 Bf5 4. Nf3 e6 5. d4 Bb4+ 6. c3 Be7 7. Bd3 Ne4 8. O-O
Nd7 9. c4 O-O 10. Nc3 c6 11. Rc1 Re8 12. Ne1 Bd6 13. f3 Qh4 14. f4 Ndf6 15.
Nxe4 Bxe4 16. Nf3 Qh6 17. h3 Bxd3 18. Qxd3 Ne4 19. Rc2 Rad8 20. Ne5 f6 21. Ng4
Qh4 22. Rf3 Qe1+ 23. Rf1 Qh4 24. Rf3 Qe1+ 25. Rf1 Qh4 26. Rf3 1/2-1/2

[Event "VM Schachforum Darmstadt"]
[Site "Schachforum Darmstadt"]
[Date "2017.04.21"]
[Round "4.11"]
[White "Blanquett, Jan Niklas"]
[Black "Starkbaum, Thomas"]
[Result "1-0"]
[WhiteElo "1694"]
[BlackElo "1100"]
[PlyCount "73"]
[EventDate "2017.??.??"]
[SourceDate "2008.01.21"]
[WhiteTeam "SV Rochade Hünfeld"]
[BlackTeam "vereinslos"]

1. d4 c5 2. dxc5 e5 3. Nf3 e4 4. Nd4 Bxc5 5. Nb3 Bb6 6. c4 Na6 7. Nc3 f5 8. Qd5
d6 9. Bf4 Bc7 10. Nb5 Nf6 11. Nxd6+ Bxd6 12. Qxd6 Qxd6 13. Bxd6 Be6 14. e3 Rc8
15. Rc1 Kf7 16. Nd4 Rhd8 17. Ba3 Nd5 18. Nxe6 Kxe6 19. cxd5+ Kxd5 20. Rd1+ Ke6
21. Bc4+ Kf6 22. Rxd8 Rxd8 23. Bxa6 bxa6 24. Ke2 Rc8 25. Rd1 Rc2+ 26. Rd2 Rc6
27. Rd6+ Rxd6 28. Bxd6 a5 29. Kd2 Ke6 30. Bf8 g6 31. Kc3 g5 32. Kc4 h5 33. Kb5
f4 34. g3 fxe3 35. fxe3 Kf5 36. h3 g4 37. h4 1-0

[Event "VM Schachforum Darmstadt"]
[Site "Schachforum Darmstadt"]
[Date "2017.04.21"]
[Round "4.10"]
[White "Hartmann, Marc Holger"]
[Black "Strothjohann, Thomas"]
[Result "1-0"]
[WhiteElo "1658"]
[BlackElo "1162"]
[PlyCount "81"]
[EventDate "2017.??.??"]
[SourceDate "2008.01.21"]
[WhiteTeam "Schachforum Darmstadt"]
[BlackTeam "SC Breuberg"]

1. e4 e5 2. d4 exd4 3. Nf3 Bb4+ 4. c3 dxc3 5. Nxc3 Nf6 6. e5 Qe7 7. Bc4 d6 8.
O-O dxe5 9. Nxe5 O-O 10. Re1 Be6 11. Nxf7 Kxf7 12. Bxe6+ Qxe6 13. Rxe6 Kxe6 14.
Qb3+ Kd7 15. Qxb4 Nc6 16. Qc5 Rae8 17. Be3 Ng4 18. Rd1+ Kc8 19. b4 g6 20. b5
Rf5 21. Rd5 Nxe3 22. fxe3 Ref8 23. h3 Nb8 24. Rxf5 Rxf5 25. Nd5 Rf7 26. Qxa7
Rd7 27. Qc5 Rf7 28. Nb6+ Kd8 29. Qd5+ Rd7 30. Nxd7 Nxd7 31. Qxb7 Nb6 32. a4 Kd7
33. a5 Nc4 34. Qd5+ Nd6 35. a6 c5 36. a7 c4 37. a8=Q Ke7 38. Qe5+ Kd7 39. Qa7+
Kd8 40. Qxd6+ Ke8 41. Qae7# 1-0

[Event "VM Schachforum Darmstadt"]
[Site "Schachforum Darmstadt"]
[Date "2017.04.21"]
[Round "4.9"]
[White "Seehaus, Bernhard"]
[Black "Schneider, Kevin"]
[Result "1/2-1/2"]
[WhiteElo "2000"]
[BlackElo "1611"]
[PlyCount "112"]
[EventDate "2017.??.??"]
[SourceDate "2008.01.21"]
[WhiteTeam "Schachforum Darmstadt"]
[BlackTeam "SC Breuberg"]

1. d4 Nf6 2. Bf4 e6 3. e3 d5 4. c3 Be7 5. Nd2 O-O 6. Bd3 b6 7. h3 Ba6 8. Bxa6
Nxa6 9. Ngf3 Nd7 10. e4 c5 11. O-O cxd4 12. Nxd4 Nab8 13. Bxb8 Nxb8 14. Qf3 Bc5
15. N2b3 dxe4 16. Qxe4 Nd7 17. Rad1 Qc7 18. Nb5 Qc8 19. Nd6 Bxd6 20. Rxd6 Nc5
21. Nxc5 Qxc5 22. Rfd1 Rac8 23. Qe3 Qa5 24. a3 h6 25. Rd7 Qa4 26. Qg3 Rce8 27.
Qd6 Ra8 28. g3 Qb5 29. Rd2 Rfe8 30. Qf4 Qf5 31. Qxf5 exf5 32. Rb7 Reb8 33. Rdd7
Rxb7 34. Rxb7 g5 35. Kf1 Kg7 36. Ke2 h5 37. c4 Kf6 38. b4 Re8+ 39. Kd3 Ra8 40.
c5 bxc5 41. bxc5 Ke6 42. Kc4 a6 43. a4 (43. c6 Kd6 44. Rxf7 Kxc6 45. Rxf5)
43... f6 44. f4 h4 45. Rb6+ Ke7 46. gxh4 gxf4 47. Rb3 Rh8 48. Rb7+ Ke6 49. Rb6+
Ke5 50. Rb1 f3 51. c6 Kd6 52. Kd4 Rxh4+ 53. Ke3 Kxc6 54. a5 Rxh3 55. Rb6+ Kc5
56. Rxf6 Kb5 1/2-1/2

[Event "VM Schachforum Darmstadt"]
[Site "Schachforum Darmstadt"]
[Date "2017.04.24"]
[Round "4.8"]
[White "Brockmann, Marcus"]
[Black "Piepenhagen, Mathias"]
[Result "1-0"]
[WhiteElo "1585"]
[BlackElo "1100"]
[PlyCount "67"]
[EventDate "2017.??.??"]
[SourceDate "2008.01.21"]
[WhiteTeam "Schachforum Darmstadt"]
[BlackTeam "Schachforum Darmstadt"]

{Notation folgt} 1. e4 d5 2. exd5 Nf6 3. d4 Nxd5 4. c4 Nb4 5. Qa4+ $2 (5. a3
$142 N4c6 6. d5 Ne5 7. Nf3 Nxf3+ 8. Qxf3 $16) 5... N8c6 6. d5 b5 $1 7. cxb5 Bf5
$1 8. Na3 Qxd5 9. bxc6 Qe4+ 10. Be3 Nd3+ 11. Bxd3 Qxa4 12. Bxf5 Qa5+ 13. Ke2
Qxf5 14. Nf3 e5 15. Nc4 Bd6 (15... O-O-O $142) 16. Rhc1 O-O 17. Rab1 e4 18. Nd4
Qh5+ 19. Kf1 Qxh2 20. Nxd6 Qxd6 21. b4 f5 22. Rd1 Qd5 23. Bf4 Rf7 24. a4 Rb8
25. b5 Qc4+ 26. Kg1 Qxa4 27. Ra1 Qc4 28. Rxa7 Rc8 29. Rb7 Qa4 30. Rd2 Qb4 31.
Rd1 Rd8 32. Ne6 Rxd1+ 33. Kh2 Qe1 $4 (33... Rf6) 34. Rb8+ {
nebst Matt. Unglaublich.} 1-0

[Event "VM Schachforum Darmstadt"]
[Site "Schachforum Darmstadt"]
[Date "2017.04.21"]
[Round "4.7"]
[White "Czappa, Fabian Alexander"]
[Black "Remscheid, Torsten"]
[Result "1/2-1/2"]
[WhiteElo "1440"]
[BlackElo "1689"]
[PlyCount "102"]
[EventDate "2017.??.??"]
[SourceDate "2008.01.21"]
[WhiteTeam "Schachforum Darmstadt"]
[BlackTeam "Schachforum Darmstadt"]

1. e4 d6 2. Nf3 Nf6 3. Nc3 e5 4. Bc4 Be7 5. d3 O-O 6. Ne2 Nbd7 7. Ng3 c6 8. d4
exd4 9. Qxd4 b5 10. Bd3 c5 11. Qc3 b4 12. Qb3 Nb6 13. c4 Bd7 14. Qc2 a5 15. O-O
Ng4 16. e5 g6 17. Bf4 dxe5 18. Nxe5 Nxe5 19. Bxe5 Bc6 20. b3 Nd7 21. Bb2 f5 22.
Bxf5 gxf5 23. Nxf5 Bf6 24. Nh6+ Kg7 25. Nf5+ Kg8 26. Nh6+ Kg7 27. Nf5+ Kh8 28.
Rad1 Bxb2 29. Qxb2+ Qf6 30. Qxf6+ Nxf6 31. Ne3 Ne4 32. Nd5 Rad8 33. Ne7 Rxd1
34. Rxd1 Nc3 35. Rd6 Be8 36. Ra6 a4 37. bxa4 Nxa4 38. Nd5 Rf7 39. Ra8 Rf8 40.
Nc7 Nb6 41. Rxe8 Rxe8 42. Nxe8 {(=)} Nxc4 43. Nc7 Nb2 44. Na6 Nd3 45. Kf1 c4
46. Ke2 Nc1+ 47. Kd2 Nxa2 48. Kc2 b3+ 49. Kb2 Kg7 50. g4 Kf6 51. f4 Ke6 1/2-1/2

[Event "VM Schachforum Darmstadt"]
[Site "Schachforum Darmstadt"]
[Date "2017.04.21"]
[Round "4.6"]
[White "Tampe, Alexander"]
[Black "Gärtner, Peter"]
[Result "0-1"]
[WhiteElo "1713"]
[BlackElo "1689"]
[PlyCount "51"]
[EventDate "2017.??.??"]
[SourceDate "2008.01.21"]
[WhiteTeam "Schachforum Darmstadt"]
[BlackTeam "SV Bodenheim"]

1. e4 e6 2. d4 d5 3. exd5 exd5 4. Bf4 Nf6 5. Bd3 Bd6 6. Bxd6 Qxd6 7. Nf3 Qb4+
8. Nbd2 Qxb2 9. Rb1 Qa3 10. Qe2+ Qe7 11. Qxe7+ Kxe7 12. O-O Re8 13. Rfe1+ Kf8
14. Rxe8+ Kxe8 15. Ne5 c6 16. Ndf3 h6 17. a4 Nbd7 18. a5 a6 19. c4 Nf8 20. c5
g6 21. h4 Ne6 22. g4 Nf4 23. g5 Nxd3 24. gxf6 Nf4 25. Kh2 Nh5 26. Ng4 0-1

[Event "VM Schachforum Darmstadt"]
[Site "Schachforum Darmstadt"]
[Date "2017.04.20"]
[Round "4.5"]
[White "Schönwelski, Ralph"]
[Black "Cors, Heinz-Friedrich"]
[Result "0-1"]
[WhiteElo "1587"]
[BlackElo "1952"]
[PlyCount "92"]
[EventDate "2017.??.??"]
[SourceDate "2008.01.21"]
[WhiteTeam "SC Heimbach-Weis"]
[BlackTeam "Schachforum Darmstadt"]

1. e4 e5 2. Nc3 Nf6 3. f4 d5 4. fxe5 Nxe4 5. d3 Nxc3 6. bxc3 Be7 7. Nf3 O-O 8.
d4 f6 9. Bf4 Nc6 10. exf6 Bxf6 11. Qd2 Ne7 $6 (11... Bg4 $142) 12. Bd3 c5 13.
O-O c4 14. Be2 Nf5 15. Be5 (15. Ne5 $142) 15... Nd6 16. Bxf6 gxf6 $6 (16...
Rxf6 $11) 17. Qf4 Re8 18. Rae1 Re4 19. Qc1 Bg4 20. h3 Bh5 21. Qh6 (21. Bd1 $142
) 21... Bg6 (21... Nf5 $1 22. Qxh5 Ng3 23. Qh6 Nxe2+ 24. Kf2 Nxc3 25. Nd2) 22.
Nh4 $4 (22. Nd2 $4 Nf7 {Damengewinn.}) (22. Nh2 $142) 22... Nf7 23. Qd2 Rxh4
24. Bg4 Rxg4 (24... Rh6 25. Re6 Be4 $19) 25. hxg4 Ng5 26. Rf4 Ne4 27. Qe3 Qd6
28. Ref1 Re8 29. Qh3 Kg7 30. Qh4 Re6 31. Qh3 Nd2 $1 32. R1f2 {
sonst hängt der Tf4.} Re1+ 33. Kh2 Nf1+ 34. Kg1 Ng3+ 35. Kh2 Rh1+ 36. Kxg3
Rxh3+ 37. gxh3 Qe6 38. h4 {Txf6 ist immer chancenlos.} h5 39. g5 fxg5 40. hxg5
Qe3+ 41. Kh4 Qe1 42. Kh3 Qg1 43. Re2 Qxg5 (43... Bf5+) 44. Ref2 h4 45. R2f3 Bh5
(45... Be4 $2 46. Rg4 Qxg4+ 47. Kxg4 Bxf3+ 48. Kxf3 {wahrscheinlich Remis.} h3
49. Kg3 Kg6 50. Kxh3 Kf5 51. Kg3 Ke4 52. Kf2 b5 53. a3 a5 54. Ke2 b4 55. axb4
axb4 56. cxb4 Kxd4 57. Kf2 c3 58. b5 Kc5 59. Ke3) 46. Rf5 Bg4+ 0-1

[Event "VM Schachforum Darmstadt"]
[Site "Schachforum Darmstadt"]
[Date "2017.04.21"]
[Round "4.4"]
[White "Augner, Björn"]
[Black "Brückmann, Gerd"]
[Result "1/2-1/2"]
[WhiteElo "1986"]
[BlackElo "1989"]
[PlyCount "40"]
[EventDate "2017.??.??"]
[SourceDate "2008.01.21"]
[WhiteTeam "SF Conweiler"]
[BlackTeam "SV Anderssen Arolsen"]

1. d4 d5 2. Bf4 c6 3. e3 Qb6 4. Bd3 Qxb2 5. Nd2 e6 6. Ngf3 Nf6 7. O-O Be7 8.
Qe2 Nbd7 9. Ne5 Qa3 10. c4 Qa5 11. Rfc1 Nxe5 12. Bxe5 Qd8 13. c5 O-O 14. a4 Nd7
15. Bg3 g6 16. a5 a6 17. f4 f6 18. Nf3 Rf7 19. Rf1 f5 20. Ra2 h6 {(=)} 1/2-1/2

[Event "VM Schachforum Darmstadt"]
[Site "Schachforum Darmstadt"]
[Date "2017.04.21"]
[Round "4.3"]
[White "Karimi, Farhad"]
[Black "Nguyen, Mau Duong"]
[Result "1-0"]
[WhiteElo "2116"]
[BlackElo "1638"]
[PlyCount "47"]
[EventDate "2017.??.??"]
[SourceDate "2008.01.21"]
[WhiteTeam "Satranç Club"]
[BlackTeam "Schachforum Darmstadt"]

1. d4 Nf6 2. Nf3 d5 3. e3 Bf5 4. c4 e6 5. Qb3 Qc8 6. Nc3 c6 7. Be2 dxc4 8. Bxc4
Be7 9. O-O O-O 10. Re1 Ne4 11. Nxe4 Bxe4 12. Ne5 Bd5 13. e4 Bxc4 14. Qxc4 Nd7
15. Nxd7 Qxd7 16. Be3 Rfd8 17. Rad1 Rac8 18. b4 Qd6 19. a3 e5 20. g3 Qb8 21.
dxe5 a5 22. e6 f6 23. Rd7 Kf8 24. Bb6 1-0

[Event "VM Schachforum Darmstadt"]
[Site "Schachforum Darmstadt"]
[Date "2017.04.21"]
[Round "4.2"]
[White "Heß, Steffen"]
[Black "Wuerl, Roland"]
[Result "1/2-1/2"]
[WhiteElo "2016"]
[BlackElo "2024"]
[PlyCount "38"]
[EventDate "2017.??.??"]
[SourceDate "2008.01.21"]
[WhiteTeam "SC Groß-Zimmern"]
[BlackTeam "SK Dieburg"]

1. d4 Nf6 2. Nf3 c5 3. e3 g6 4. Bd3 Bg7 5. O-O O-O 6. Nbd2 d5 7. c3 Nfd7 8. Qe2
Nc6 9. Rd1 Qc7 10. b3 e5 11. dxe5 Ndxe5 12. Bb2 Nxd3 13. Qxd3 Rd8 14. Qc2 Bf5
15. Qc1 Ne5 16. Nxe5 Qxe5 17. Nf3 Qe7 18. c4 Bxb2 19. Qxb2 dxc4 {(=)} 1/2-1/2

[Event "VM Schachforum Darmstadt"]
[Site "Schachforum Darmstadt"]
[Date "2017.04.21"]
[Round "4.1"]
[White "Nothnagel, Marian Can"]
[Black "Leck, Jakob"]
[Result "1-0"]
[WhiteElo "2107"]
[BlackElo "2025"]
[PlyCount "59"]
[EventDate "2017.??.??"]
[SourceDate "2008.01.21"]
[WhiteTeam "SV Griesheim"]
[BlackTeam "SV Lahn Limburg"]

1. e4 e6 2. d4 d5 3. Nc3 Nf6 4. e5 Nfd7 5. f4 a6 6. Nf3 c5 7. Be3 Nc6 8. Qd2 b5
9. dxc5 Bxc5 10. Bd3 Bb7 11. Bf2 Bxf2+ 12. Qxf2 Qe7 13. O-O g6 14. Rae1 Qb4 15.
Qh4 Na5 (15... Qxb2 16. Nxd5 exd5 17. e6 $13) 16. Nd1 Nc4 17. c3 Qe7 18. Qf2
Rc8 19. Nd4 b4 20. Bxc4 Rxc4 21. f5 gxf5 22. Ne3 Nc5 23. Nexf5 Nd3 24. Qe3 exf5
25. Qxd3 Bc8 26. Kh1 bxc3 27. bxc3 Qc5 28. Nxf5 Rxc3 29. Nd6+ Kd7 30. Ne4 1-0

[Event "VM Schachforum Darmstadt"]
[Site "Schachforum Darmstadt"]
[Date "2017.04.07"]
[Round "3.13"]
[White "Strothjohann, Thomas"]
[Black "Barutzki, Armin"]
[Result "1-0"]
[WhiteElo "1162"]
[BlackElo "1100"]
[PlyCount "103"]
[EventDate "2017.??.??"]
[SourceDate "2008.01.21"]
[WhiteTeam "SC Breuberg"]
[BlackTeam "vereinslos"]

1. e4 d6 2. d4 g6 3. Bc4 Bg7 4. Nf3 c6 5. Nc3 Nf6 6. Bf4 O-O 7. e5 Nh5 8. Bg3
d5 9. Bb3 Re8 10. O-O Bf5 11. Nh4 Be6 12. f4 Nxg3 13. hxg3 Qd7 14. f5 gxf5 15.
Qh5 Rf8 16. Nxf5 Bxf5 17. Rxf5 Qe6 18. Raf1 Qg6 19. Ne2 e6 20. Rg5 Qxh5 21.
Rxh5 Nd7 22. c3 f6 23. Bc2 f5 24. Nf4 Rae8 25. g4 Rf7 26. gxf5 exf5 27. Bxf5
Rxf5 28. Rxf5 Rf8 29. Rg5 h6 30. Rg4 Kh7 31. Ne6 Rxf1+ 32. Kxf1 Bf8 33. Nxf8+
Nxf8 34. Kf2 Ng6 35. Kf3 Kg7 36. Rg3 h5 37. Rh3 h4 38. g3 hxg3 39. Rxg3 Kf7 40.
Kg4 Ke6 41. Rf3 Nxe5+ 42. dxe5 Kxe5 43. Re3+ Kd6 44. Kf5 b5 45. b4 Kc7 46. Re7+
Kb6 47. Ke5 a5 48. a3 axb4 49. axb4 Ka6 50. Re6 Kb6 51. Kd6 Kb7 52. Kc5 1-0

[Event "VM Schachforum Darmstadt"]
[Site "Schachforum Darmstadt"]
[Date "2017.04.07"]
[Round "3.12"]
[White "Friedel, Thomas"]
[Black "Brockmann, Marcus"]
[Result "0-1"]
[WhiteElo "1561"]
[BlackElo "1585"]
[PlyCount "104"]
[EventDate "2017.??.??"]
[SourceDate "2008.01.21"]
[WhiteTeam "SV Groß-Gerau"]
[BlackTeam "Schachforum Darmstadt"]

1. e4 e5 2. Nf3 Nc6 3. Bc4 Nf6 4. d3 Be7 5. Nc3 O-O 6. h3 d6 7. Be3 Na5 8. Bb3
Re8 9. Nd5 Nxd5 10. Bxd5 c6 11. Bb3 Nxb3 12. axb3 Bf8 13. O-O d5 14. exd5 cxd5
15. d4 e4 16. Nd2 Qh4 17. f3 Bd6 18. Qe1 Bg3 19. Bf2 Bxf2+ 20. Qxf2 Qxf2+ 21.
Rxf2 e3 22. Re2 Bf5 23. Rae1 Bxc2 24. Rxe3 Rxe3 25. Rxe3 f6 26. Re7 Kf8 27. Rd7
Re8 28. Rxd5 Re2 29. Ne4 Bxb3 30. Rd7 Rxb2 31. Rxb7 a5 32. Nc5 Rb1+ 33. Kf2 Bc2
34. Rxb1 Bxb1 35. Ke2 Ba2 36. Kd3 Bd5 37. Kc3 Ke7 38. Nd3 g5 39. Nc5 f5 40. Kd3
Kd6 41. Ke3 Bc6 42. g4 f4+ 43. Kf2 a4 44. Nd3 a3 45. Nb4 Bd5 46. Nc2 a2 47. Na1
Bc4 48. Ke1 Kd5 49. Nc2 Bb3 50. Na1 Kxd4 (50... Ba4) 51. Nxb3+ Ke3 52. Na1 Kxf3
0-1

[Event "VM Schachforum Darmstadt"]
[Site "Schachforum Darmstadt"]
[Date "2017.04.07"]
[Round "3.11"]
[White "Piepenhagen, Mathias"]
[Black "Pauli, Walter"]
[Result "1-0"]
[WhiteElo "1100"]
[BlackElo "1852"]
[PlyCount "91"]
[EventDate "2017.??.??"]
[SourceDate "2008.01.21"]
[WhiteTeam "Schachforum Darmstadt"]
[BlackTeam "Schachforum Darmstadt"]

1. e4 e5 2. Nf3 d6 3. Bc4 Be7 4. h3 Nf6 5. Nc3 c6 6. d3 Nbd7 7. Qe2 b5 8. Bb3
Nc5 9. d4 Nxb3 10. axb3 Qc7 11. d5 b4 12. Na2 cxd5 13. exd5 Nxd5 $4 (13... Qb7
$142) 14. Qb5+ Bd7 15. Qxd5 O-O 16. Nxb4 a5 17. O-O Rfb8 18. c3 Be6 19. Qc6 Qd8
20. Nd5 Bd7 21. Nxe7+ Qxe7 22. Qe4 Rc8 23. Ng5 g6 24. Qh4 f5 25. f4 e4 26. Nf3
Qxh4 27. Nxh4 Bb5 28. c4 Bc6 29. Rd1 Rd8 30. Bd2 a4 31. Bb4 Rdb8 32. Bxd6 Rxb3
33. Be5 Kf7 34. Rd6 Be8 35. c5 Rb5 36. Rf6+ Ke7 37. Rc1 Raa5 38. c6 e3 39. c7
Bd7 40. c8=Q Bxc8 41. Rxc8 Rd5 42. Rc7+ Ke8 43. Nxg6 Rd1+ 44. Kh2 hxg6 45. Rxg6
Kf8 46. Rh6 1-0